[Event "Chigorin Memorial Blitz"]
[Site "St Petersburg"]
[Date "2022.10.21"]
[Round "2"]
[White "Zubritskiy, Artyom"]
[Black "Sukhov, Artur"]
[Result "1-0"]
[WhiteElo "2438"]
[BlackElo "1962"]
[PlyCount "59"]
[EventDate "2022.10.21"]
[EventType "swiss (blitz)"]
[EventRounds "11"]
[EventCountry "RUS"]
[SourceTitle "EXT 2024"]
[Source "ChessBase"]
[SourceDate "2023.10.10"]
[SourceVersion "1"]
[SourceVersionDate "2023.10.10"]
[SourceQuality "1"]

1. c4 Nf6 2. g3 e6 3. Bg2 d5 4. Nf3 Be7 5. 0-0 0-0 6. d4 dxc4 7. Qc2 a6 8. Qxc4 b5 9. Qc2 Bb7 10. Bd2 Nbd7 11. Ba5 Nb6 12. Nbd2 Rc8 13. b4 Nbd5 14. a3 h6 15. Rac1 Nd7 16. Rfd1 N7b6 17. Ne5 Bf6 18. e4 Ne7 19. Nb3 Bxe5 20. dxe5 Qe8 21. Bf1 Ng6 22. f4 f6 23. exf6 Rxf6 24. Nc5 Ba8 25. Nxa6 Nxf4 26. Bxb6 Bxe4 27. Qxe4 cxb6 28. Nc7 Qf7 29. Nxb5 Rxc1 30. Rxc1 1-0

[Event "Barnaul Kura Memorial"]
[Site "Barnaul"]
[Date "2021.02.28"]
[Round "7"]
[White "Guzikov, Danil"]
[Black "Sukhov, Artur"]
[Result "0-1"]
[WhiteElo "2236"]
[BlackElo "1971"]
[PlyCount "104"]
[EventDate "2021.02.27"]
[EventType "swiss (rapid)"]
[EventRounds "11"]
[EventCountry "RUS"]
[SourceTitle "CBM 200 Extra"]
[Source "ChessBase"]
[SourceDate "2021.03.31"]
[SourceVersion "1"]
[SourceVersionDate "2021.03.31"]
[SourceQuality "1"]

1. e4 e6 2. d4 d5 3. Nc3 Bb4 4. Qd3 dxe4 5. Qxe4 Nf6 6. Qh4 c5 7. dxc5 Qa5 8. Bd2 Qxc5 9. Bd3 Nc6 10. a3 Bxc3 11. Bxc3 Ne5 12. Be2 Bd7 13. Nf3 Ng6 14. Qd4 Qxd4 15. Nxd4 Nd5 16. Bd2 a6 17. 0-0 e5 18. Nb3 Rc8 19. Rac1 Ndf4 20. Bf3 Bc6 21. Bxc6+ Rxc6 22. Rfe1 0-0 23. Bxf4 exf4 24. Nd4 Rc4 25. c3 Rd8 26. Re4 h6 27. Rce1 Kh7 28. Nf3 Rxe4 29. Rxe4 Rd1+ 30. Re1 Rxe1+ 31. Nxe1 Ne5 32. Kf1 Kg6 33. Ke2 Kf5 34. Nd3 Nc4 35. Kd1 b6 36. Kc2 Ke4 37. Nb4 a5 38. Nc6 f3 39. g3 f6 40. a4 Ne3+ 41. Kd2 Ng4 42. Ke1 Nxh2 43. b4 Kd5 44. b5 Ng4 45. Nb8 Ne5 46. Kd2 h5 47. Na6 Nc4+ 48. Kc2 Ne3+ 49. Kd3 Ng4 50. c4+ Kd6 51. Ke4 Nxf2+ 52. Kxf3 Nd3 0-1

[Event "Cheliabinsk Panchenko Memorial op-A"]
[Site "Cheliabinsk"]
[Date "2020.09.15"]
[Round "9"]
[White "Balandin, Semen"]
[Black "Sukhov, Artur"]
[Result "1/2-1/2"]
[WhiteElo "1433"]
[BlackElo "2058"]
[PlyCount "70"]
[EventDate "2020.09.07"]
[EventType "swiss"]
[EventRounds "9"]
[EventCountry "RUS"]
[SourceTitle "CBM 198 Extra"]
[Source "ChessBase"]
[SourceDate "2020.11.30"]
[SourceVersion "1"]
[SourceVersionDate "2020.11.30"]
[SourceQuality "1"]

1. d4 Nf6 2. Nf3 e6 3. c4 c5 4. d5 exd5 5. cxd5 d6 6. Nc3 Be7 7. g3 0-0 8. Bg2 a6 9. a4 Nbd7 10. 0-0 Re8 11. Bf4 Nf8 12. e4 Ng6 13. Bd2 Ng4 14. h3 N4e5 15. Nxe5 Nxe5 16. f4 Nc4 17. Qe2 Nxd2 18. Qxd2 Bf6 19. Kh2 Qb6 20. a5 Qc7 21. Na4 Bd7 22. Nb6 Rad8 23. Rac1 Bb5 24. Rfe1 Qe7 25. b4 cxb4 26. Qxb4 g5 27. e5 dxe5 28. Qxe7 Rxe7 29. d6 Ree8 30. Nd5 Rxd6 31. Nc7 Re7 32. Nd5 Re8 33. Nc7 Re7 34. Nd5 Re8 35. Nc7 Re7 1/2-1/2

[Event "Cheliabinsk Panchenko Memorial op-A"]
[Site "Cheliabinsk"]
[Date "2020.09.13"]
[Round "7"]
[White "Gridnev, Selantiy"]
[Black "Sukhov, Artur"]
[Result "1-0"]
[WhiteElo "1687"]
[BlackElo "2058"]
[PlyCount "72"]
[EventDate "2020.09.07"]
[EventType "swiss"]
[EventRounds "9"]
[EventCountry "RUS"]
[SourceTitle "CBM 198 Extra"]
[Source "ChessBase"]
[SourceDate "2020.11.30"]
[SourceVersion "1"]
[SourceVersionDate "2020.11.30"]
[SourceQuality "1"]

1. Nf3 d5 2. e3 e6 3. c4 Nf6 4. b3 c5 5. Bb2 Nc6 6. cxd5 exd5 7. Nc3 Bf5 8. d4 Qa5 9. dxc5 Bxc5 10. a3 Be7 11. b4 Qd8 12. Nd4 Bg6 13. Rc1 0-0 14. Bd3 Ne5 15. Nf5 Nxd3+ 16. Qxd3 Kh8 17. Ne2 Qd7 18. Ned4 Rac8 19. 0-0 Bd6 20. h3 Be5 21. g4 Ne4 22. Nh4 Ng5 23. Nxg6+ fxg6 24. Kg2 Rxc1 25. Bxc1 Bxd4 26. Qxd4 Nf3 27. Qc5 Qf7 28. Kh1 Ng5 29. f4 Ne4 30. Qxa7 Ng3+ 31. Kg2 Nxf1 32. Kxf1 Qc7 33. Bb2 Qc4+ 34. Ke1 Re8 35. Qd4 Qxd4 36. Bxd4 b5 1-0

[Event "Cheliabinsk Panchenko Memorial op-A"]
[Site "Cheliabinsk"]
[Date "2020.09.09"]
[Round "3"]
[White "Zhambalov, Bator1111"]
[Black "Sukhov, Artur"]
[Result "0-1"]
[WhiteElo "1674"]
[BlackElo "2058"]
[PlyCount "72"]
[EventDate "2020.09.07"]
[EventType "swiss"]
[EventRounds "9"]
[EventCountry "RUS"]
[SourceTitle "CBM 198 Extra"]
[Source "ChessBase"]
[SourceDate "2020.11.30"]
[SourceVersion "1"]
[SourceVersionDate "2020.11.30"]
[SourceQuality "1"]

1. e4 e6 2. d4 d5 3. Nc3 Bb4 4. a3 Bxc3+ 5. bxc3 dxe4 6. Qg4 Qf6 7. Qxe4 Ne7 8. Nf3 Nd7 9. Bd3 h6 10. 0-0 Rb8 11. Ne5 Nf5 12. Bf4 Nb6 13. Bb5+ Kf8 14. Ng4 Qd8 15. Qe2 Nd5 16. Bd2 Bd7 17. Bxd7 Qxd7 18. Qd3 Rd8 19. Be3 Nf6 20. Rfb1 Nd6 21. c4 b6 22. c5 Nf5 23. cxb6 axb6 24. Ne5 Qa4 25. c4 Qa8 26. Rd1 g6 27. Qc3 Ne4 28. Qb2 Rg8 29. Rac1 f6 30. Nf3 Kg7 31. c5 bxc5 32. dxc5 Nxe3 33. fxe3 Qa4 34. Rxd8 Rxd8 35. Nd4 Kf7 36. Qb7 Rxd4 0-1

[Event "Aktogay Masters"]
[Site "Aktogay"]
[Date "2019.05.12"]
[Round "2"]
[White "Kaiyrbekov, Rustam"]
[Black "Sukhov, Artur"]
[Result "1-0"]
[WhiteElo "2329"]
[BlackElo "2110"]
[PlyCount "63"]
[EventDate "2019.05.11"]
[EventType "tourn"]
[EventRounds "9"]
[EventCountry "KAZ"]
[EventCategory "1"]
[SourceTitle "CBM 190 Extra"]
[Source "ChessBase"]
[SourceDate "2019.07.15"]
[SourceVersion "1"]
[SourceVersionDate "2019.07.15"]
[SourceQuality "1"]

1. d4 Nf6 2. Nf3 g6 3. Bg5 Bg7 4. Nbd2 d5 5. e3 c6 6. h3 Nbd7 7. Bd3 0-0 8. c3 Re8 9. Bf4 Nh5 10. Bh2 e5 11. g4 e4 12. gxh5 exd3 13. hxg6 hxg6 14. Nb3 Nb6 15. Qxd3 Bf5 16. Qe2 Nc4 17. 0-0-0 Bh6 18. Ne5 Qe7 19. h4 f6 20. Nxc4 dxc4 21. Qxc4+ Kg7 22. Nd2 Rac8 23. h5 b5 24. Qc5 Qf7 25. Rdg1 Bd3 26. b3 a5 27. hxg6 Bxg6 28. Bf4 Rh8 29. Rxg6+ Qxg6 30. Qe7+ Kg8 31. Qe6+ Kg7 32. Qd7+ 1-0